000 00839nam a2200265Ia 4500
003 OSt
005 20220927104744.0
006 a|||||r|||| 00| 0
007 ta
008 220926b |||||||| |||| 00| 0 eng d
024 _a138775
037 _cReference Collections
040 _aRTL
_cRTL
_beng
041 _2eng
_aeng
082 _a"V1:1954.N9, N2/UN"
100 _aGoldblat Jozef
_9367120
245 0 _aNon-proliferation treaty
_b How to remove the residval threats.
260 _aNew
_bYork United Nations U. S. A.
_c1992
300 _a36p.
_ccm.
500 _a"United Nations, Institute for Disarmament Research, Research Paper, 13'1."
650 _a History
650 _aForeign Policy-World
_9367121
942 _h"V1:1954.N9, N2/UN"
_cCC
999 _c688555
_d688555